[Event "ICS Rated blitz match"]
[Site "207.99.83.229"]
[Date "1999.06.17"]
[Round "?"]
[White "Amateur"]
[Black "Hossa"]
[Result "1-0"]
[WhiteElo "2567"]
[BlackElo "2439"]
[Annotator "Fritz 5.32 (17s)"]
[PlyCount "155"]

1. e4 e5 2. Nf3 Nc6 3. Bb5 a6 4. Ba4 Nf6 5. O-O Bc5 6. c3 {Kontrolliert b4}
6... b5 7. Bb3 Nxe4 8. d4 exd4 9. cxd4 Be7 10. Re1 Nf6 11. d5 Na5 12. Bf4 12...
Nxb3 $15 (12... O-O 13. Bc2 $15) 13. Qxb3 13... d6 $15 {Kontrolliert e5} (13...
O-O 14. Nc3 $15) 14. Bg5 O-O 15. Na3 Bd7 16. Rac1 Rc8 17. Nc2 c6 18. dxc6 {
Auf den muss Schwarz aufpassen} 18... Rxc6 19. Qa3 a5 20. Ncd4 $17 (20. Nfd4
Rc5 21. Qg3 21... d5 $17) 20... Rxc1 21. Rxc1 b4 22. Qd3 Ne4 23. Bxe7 Qxe7 24.
Re1 Re8 25. Qc4 25... Be6 $11 (25... Qd8 $5 $17) 26. Qb5 d5 27. Qxa5 Rc8 28.
Ne5 28... Qh4 {Mit der Mattdrohung Qxf2} 29. g3 Qe7 30. Nec6 {
Nimmt den isolierten Bauern b4 ins Visier} 30... Qf6 {Droht Matt} 31. f3 {
Ueberdeckt g4} 31... Ng5 32. Qxb4 Kh8 (32... Nxf3+ $4 {
der kann natuerlich nicht genommen werden} 33. Nxf3 Re8 34. Nfd4 $18) 33. f4
Ne4 34. Qe7 34... Qxe7 {Droht Rxc6} 35. Nxe7 Rc4 36. Nec6 $16 (36. Ndc6 Rc2 37.
f5 37... Bd7 $16) 36... Bd7 37. Ne5 Rxd4 38. Nxd7 Rd2 39. Rc1 $14 (39. Nb6 $5
39... f5 40. b4 $16) 39... g5 40. Rc8+ Kg7 41. Rb8 41... gxf4 {Droht Matt: f3}
42. gxf4 42... Nf2 $16 (42... Kg6 $5 $11 {ist interessant}) 43. f5 Nh3+ 44. Kf1
Rf2+ 45. Ke1 45... Rxf5 $16 (45... Rxh2 $5 46. a4 46... Nf4 $14) 46. Rb4 Rf4
47. Rxf4 Nxf4 48. Kd2 Ne6 49. a4 {Weiss haelt das Heft fest in der Hand} 49...
Nd4 $18 (49... f6 $5 $16) 50. b4 Nc6 (50... f5 51. Kd3 Ne6 52. Nc5 $18) 51. b5
Na5 52. Kc3 d4+ (52... f5 53. Kb4 Nc4 54. a5 $18) 53. Kxd4 f5 54. Ke5 Kg6 55.
Nf8+ Kg5 (55... Kg7 {kann das Vorangegangene nicht ungeschehen machen} 56. Nxh7
Kxh7 57. Kxf5 $18) 56. Nxh7+ Kh6 57. Nf6 Kg5 58. h4+ Kg6 59. Nd5 Kh5 60. Kxf5
Kxh4 61. Ne3 Kg3 62. Ke4 Kf2 63. Ng4+ Ke2 64. Ne5 Kd2 65. Nc6 Nc4 66. Kd4 Nd6
67. Kd5 (67. b6 {gibt noch groesseren Vorteil} 67... Kc2 68. Kd5 68... Nb7 $18)
67... Ne8 68. b6 {Weiss droht Ke5} 68... Nf6+ 69. Kd4 Nd7 70. b7 Ke1 71. a5 Kd1
72. a6 Ke2 73. a7 {Weiss plant b8} 73... Nf6 74. b8=Q {Es droht Matt} 74... Ng4
(74... Kf3 {aendert nichts mehr} 75. a8=Q Kg4 76. Qe5 Nh5 77. Qg8+ Ng7 78.
Qgxg7+ Kf3 79. Qgg3#) 75. a8=Q Nf2 76. Qg3 Nh1 (76... Nd1 {
hilft allerdings auch nicht} 77. Qa2+ Nb2 78. Qxb2+ Kd1 79. Qg1#) 77. Qa2+ Kf1
(77... Kd1 {aendert nichts am Ausgang der Partie} 78. Qg1#) 78. Qag2# 1-0

[Event "ICS Rated blitz match"]
[Site "207.99.83.229"]
[Date "1999.06.17"]
[Round "?"]
[White "Hossa"]
[Black "Amateur"]
[Result "1-0"]
[WhiteElo "2429"]
[BlackElo "2577"]
[Annotator "Fritz 5.32 (17s)"]
[PlyCount "69"]

1. Nf3 Nf6 2. e3 d5 (2... e6 3. b3 c5 4. Bb2 Be7 5. Be2 O-O 6. O-O b6 7. c4 Bb7
8. d3 d6 9. a3 Nbd7 10. Nbd2 Qc7 11. b4 Rfd8 12. h3 a6 13. Qb3 Rab8 14. a4 cxb4
15. Qxb4 Nc5 16. Bxf6 Bxf6 17. d4 {Kaenel,H-Horvath,P/Bern SUI 1999/1-0 (65)})
3. Bb5+ $146 (3. c4 e6 4. Nc3 (4. b3 Nbd7 5. Bb2 c6 6. Be2 Bd6 7. O-O O-O 8. d3
Re8 9. Qc2 Qe7 10. Rd1 Nf8 11. Ne5 Ng6 12. f4 Bxe5 13. fxe5 Nd7 14. d4 f6 15.
Ba3 Qd8 16. Bd3 Ndf8 17. exf6 gxf6 18. Nc3 18... f5 {
Kaenel,H-Mikavica,M/Volksbank op, Bern SUI (7) 1996/1-0 (47)}) 4... Be7 5. b3
O-O 6. Bb2 b6 7. Be2 Bb7 8. O-O Nbd7 9. cxd5 Nxd5 10. Rc1 Bf6 11. d4 Nxc3 12.
Bxc3 c5 13. b4 cxd4 14. Bxd4 Qb8 15. Qa4 Ne5 16. Bxe5 Bxe5 17. Rfd1 a5 18. b5
Bf6 19. Nd4 Bxd4 20. Qxd4 Bd5 21. e4 Bb7 22. f3 Qa7 23. Rc7 a4 24. a3 h6 25.
Kf2 Rab8 26. Qb4 Qa8 27. Rdd7 g6 28. Qd6 Bxe4 29. fxe4 Qxe4 30. Rc4 Qb1 31.
Rxa4 Rbc8 32. Rf4 Qc1 33. Rf3 Rc3 34. Rd8 Rxf3+ 35. gxf3 Rxd8 36. Qxd8+ Kg7 37.
Qd4+ Kh7 38. a4 Qc7 39. h4 e5 40. Qc4 Qe7 41. Bd1 h5 42. Bb3 Kh6 43. Ke2 Qa3
44. Qxf7 {1-0 Chepukaitis,G-Malofeev,A/ch-city, St Petersburg RUS 1997 (44)})
3... Bd7 4. Be2 Nc6 5. d4 e6 6. O-O Bd6 7. Nc3 O-O 8. Bd2 8... a6 {
Verwehrt dem Gegner b5} 9. Bd3 e5 10. dxe5 Nxe5 11. Nxe5 Bxe5 12. f4 Bd6 13. e4
Bc5+ 14. Kh1 Re8 15. e5 {Weiss engt den Gegner ein} 15... Ng4 16. Qe1 16... c6
{Befestigt b5} 17. h3 Nh6 18. Na4 $11 (18. f5 $5 18... Qe7 19. Bxh6 gxh6 20. e6
fxe6 21. f6 $14) 18... Bb6 (18... Ba7 19. Bb4 $15) 19. Nxb6 Qxb6 20. b3 $11 (
20. f5 $5 $142 20... Nxf5 21. Bxf5 (21. Rxf5 $6 21... Bxf5 22. Bxf5 22... Qxb2
$11) 21... Bxf5 22. Rxf5 Qxb2 23. Qc1 Qxc1+ 24. Rxc1 $14) 20... Nf5 (20... Bf5
21. Ba5 Qa7 22. Rd1 $15) 21. Rd1 21... Be6 $16 (21... c5 $5 $11 $142 {
sieht spielbar aus}) 22. g4 Nd4 23. Be3 $16 {Weiss bereitet f5 vor} (23. Qh4 h6
24. f5 Bc8 25. Bxh6 25... gxh6 $18) 23... c5 24. Qh4 h6 25. Qf2 {
Jetzt haengt f5 in der Luft} 25... Qb4 26. f5 {Raumgewinn} 26... Bc8 27. f6 (
27. e6 27... b6 $16 (27... fxe6 28. f6 Rf8 29. f7+ Kh8 30. Bxh6 $18)) 27... g5
28. Bxd4 {Weiss fuehrt die Partie kraftvoll zu Ende} 28... cxd4 (28... Qxd4 $2
29. Bh7+ $3 {ein folgerichtiges Opfer} 29... Kxh7 30. Rxd4 cxd4 31. Qxd4 $18)
29. Qg3 29... Bd7 $16 (29... Qa3 $5 $14 {ist zu ueberlegen}) 30. h4 Kh8 (30...
gxh4 $142 31. Qxh4 31... Qf8 $18 (31... Rxe5 $4 {vergiftet...} 32. Qxh6 Rg5 33.
Bh7+ Kh8 34. Bg6+ Kg8 35. Qg7#)) 31. hxg5 31... Qa3 $6 {
ein wenig geschickter Zug} (31... Rg8 32. g6 32... fxg6 $18) 32. Qf4 {
Droht Matt: g6} 32... Qxa2 (32... Qf8 $18 {
koennte noch eine geringe Chance darstellen}) 33. g6 Kg8 34. Qxh6 Qa1 (34...
Rxe5 {macht keinen grossen Unterschied} 35. Qg7#) 35. Qg7# 1-0

[Event "ICS Rated blitz match"]
[Site "207.99.83.229"]
[Date "1999.06.17"]
[Round "?"]
[White "Amateur"]
[Black "Hossa"]
[Result "1/2-1/2"]
[WhiteElo "2555"]
[BlackElo "2451"]
[Annotator "Fritz 5.32 (17s)"]
[PlyCount "152"]

1. e4 c5 2. Nf3 d6 3. d4 cxd4 4. Nxd4 Nf6 5. Nc3 a6 6. Bg5 Nbd7 (6... e6 7. f4
Qb6 8. Nb3 Nbd7 9. Qf3 Qc7 10. O-O-O b5 11. a3 Bb7 12. Bd3 Be7 13. Qh3 O-O-O
14. Rhe1 h6 15. Bxf6 Nxf6 16. Kb1 Kb8 17. f5 e5 18. Qf3 Rc8 19. Nd5 Bxd5 20.
exd5 Qb6 21. g4 {Akopian,V-Van Wely,L/SF, Cap D'Agde FRA (2) 1996/0-1 (40)}) 7.
Bc4 Qa5 (7... e6 8. Bb3 Nc5 9. Qe2 Be7 10. O-O-O Nfxe4 11. Bxe7 Nxc3 12. Bxd8
Nxe2+ 13. Nxe2 Kxd8 14. Rxd6+ Ke7 15. Rdd1 Nxb3+ 16. axb3 Bd7 17. Rhe1 Rad8 18.
f3 Bc8 19. Nc3 Rxd1+ 20. Rxd1 Bd7 21. Kd2 Bc6 22. Ke3 {
Solis,C-Szmetan,J/Siembra, Villa Ballester ARG (6) 1996/0-1 (57)}) 8. Qd2 $146
(8. Bxf6 Nxf6 9. Qe2 e6 10. Bb3 Be7 11. O-O-O Qg5+ 12. Kb1 O-O 13. h4 Qc5 14.
f4 e5 15. Nf5 Bxf5 16. exf5 Rfe8 17. g4 exf4 18. g5 Qxf5 19. gxf6 Bxf6 20. Qf3
Bxc3 21. Qxc3 Rad8 22. Rhg1 22... Re5 {
Zeus-Junior/13th WMCCC, Paderborn GER (2) 1995/1-0 (47)}) 8... e6 {Deckt d5} 9.
O-O 9... Be7 {Schwarz hat Entwicklungsnachteil.} 10. Rad1 Qb6 11. Nb3 O-O 12.
Be2 Qd8 13. Qd3 Ne5 (13... b5 14. a3 $14) 14. Qg3 Qc7 15. Rd4 Kh8 16. Rfd1 Rd8
17. Qe3 b5 18. Qg3 Rb8 19. a3 Nc4 20. Bxc4 {Im Brennpunkt: d6} 20... bxc4 21.
Nd2 Rxb2 22. Nxc4 {Steigert den Druck auf den Bauern d6} 22... Rxc2 23. Qd3
Rxc3 24. Qxc3 24... Nxe4 {Schwarz muss Material zurueckgeben} 25. Rxe4 Bxg5 26.
Qg3 Be7 27. Ne3 Qc5 28. Rf4 Qh5 29. Ra4 e5 30. Rb1 (30. f3 Qh6 31. f4 exf4 32.
Rxf4 32... Bg5 $15) 30... d5 31. Re1 Kg8 32. Nc2 e4 33. Qc7 Qh4 34. g3 Qg5 35.
Nb4 {Uebt Druck auf den Isolani a6 aus} 35... Bd6 36. Qb6 {
Der Isolani a6 wird belagert} 36... Bxb4 $11 (36... Bf8 37. Qc7 Be6 38. Qc1
Qxc1 39. Rxc1 $11) 37. Rxb4 37... Rf8 $14 (37... h6 38. Rd1 Rf8 39. Qc6 $11)
38. Rd4 $11 (38. Qc5 Qd2 39. Reb1 39... Qa2 $16) 38... Qe5 $14 (38... Qf5 39.
Qc6 Be6 40. Qxa6 $14) 39. Qc5 Bb7 40. Rdxe4 Qxe4 41. Rxe4 dxe4 42. Qc7 Bd5 43.
a4 f5 44. Kf1 44... f4 $18 (44... h6 $5 $14 $142 {steht zur Diskussion}) 45.
gxf4 Re8 46. Kg1 $16 (46. Ke1 46... Rf8 $18) 46... Rf8 47. f5 $16 (47. Qb6
47... Bc4 $16) 47... h6 48. Qd7 Ba2 49. h4 h5 50. Qc6 Rf6 51. Qe8+ Kh7 52.
Qxh5+ Rh6 53. Qe8 Bb1 54. Kg2 Rf6 55. Qd7 Bd3 56. Kg3 Be2 57. Kf4 Bf3 58. Qb7
Rh6 59. Ke5 Rf6 60. a5 Kh6 61. Qc8 {Es droht Matt} 61... Kh7 62. Qa8 Rh6 63.
Qb7 Rf6 64. Qd5 Bg2 65. Kf4 Rf8 66. Qc4 Rf6 67. Qc7 Rf8 68. Qc3 Bf3 69. Qb3 Rf6
70. Qb7 Rd6 71. Qa8 Rh6 72. Ke5 Bg2 73. Qe8 Bf3 74. Qc8 $4 $11 {
danach wendet sich das Blatt} (74. Qe7 $18 $142 {nun kommt Weiss in Vorteil})
74... Rf6 75. Qc2 Kg8 76. Qc8+ $4 $11 {wirft den Vorteil weg} (76. Kf4 $18 $142
{und aller Vorteil laege nun bei Weiss}) 76... Kh7 1/2-1/2

[Event "ICS Rated blitz match"]
[Site "207.99.83.229"]
[Date "1999.06.17"]
[Round "?"]
[White "Hossa"]
[Black "Amateur"]
[Result "1-0"]
[WhiteElo "2456"]
[BlackElo "2550"]
[Annotator "Fritz 5.32 (17s)"]
[PlyCount "89"]

1. Nf3 Nf6 2. e3 d5 (2... e6 3. b3 c5 4. Bb2 Be7 5. Be2 O-O 6. O-O b6 7. c4 Bb7
8. d3 d6 9. a3 Nbd7 10. Nbd2 Qc7 11. b4 Rfd8 12. h3 a6 13. Qb3 Rab8 14. a4 cxb4
15. Qxb4 Nc5 16. Bxf6 Bxf6 17. d4 a5 18. Qb1 Na6 19. Ne4 Be7 20. Nfd2 Nb4 21.
Nc3 e5 22. Nb5 Qc8 23. Bg4 Qc6 24. Bf3 Qd7 25. Rd1 exd4 26. exd4 d5 27. Qb3
Rbc8 28. cxd5 Bxd5 29. Bxd5 Qxd5 30. Qxd5 Nxd5 31. Rac1 Rxc1 32. Rxc1 Bg5 33.
Rd1 Bxd2 34. Rxd2 Rc8 35. g3 Kf8 36. Kg2 Rc4 37. Ra2 {
Kaenel,H-Horvath,P/Bern SUI 1999/1-0 (65)}) 3. Bb5+ $146 (3. c4 e6 4. Nc3 (4.
b3 Nbd7 5. Bb2 c6 6. Be2 Bd6 7. O-O O-O 8. d3 Re8 9. Qc2 Qe7 10. Rd1 Nf8 11.
Ne5 Ng6 12. f4 Bxe5 13. fxe5 Nd7 14. d4 f6 15. Ba3 Qd8 16. Bd3 Ndf8 17. exf6
gxf6 18. Nc3 18... f5 {
Kaenel,H-Mikavica,M/Volksbank op, Bern SUI (7) 1996/1-0 (47)}) 4... Be7 5. b3
O-O 6. Bb2 b6 7. Be2 Bb7 8. O-O Nbd7 9. cxd5 Nxd5 10. Rc1 Bf6 11. d4 Nxc3 12.
Bxc3 c5 13. b4 cxd4 14. Bxd4 Qb8 15. Qa4 Ne5 16. Bxe5 Bxe5 17. Rfd1 17... a5 {
Chepukaitis,G-Malofeev,A/ch-city, St Petersburg RUS 1997/1-0 (44)}) 3... Bd7 4.
Be2 Nc6 5. d4 e6 6. O-O Bd6 7. Nc3 O-O 8. Bd2 8... a6 {Staerkt b5} 9. Bd3 e5
10. dxe5 Nxe5 11. Nxe5 Bxe5 12. f4 Bd6 13. e4 Bc5+ 14. Kh1 Re8 15. e5 {
Weiss gewinnt Raum} 15... Ng4 16. Qe1 16... c6 {Sichert b5} 17. h3 Nh6 18. Na4
$11 (18. f5 $5 18... Qe7 19. Bxh6 gxh6 20. e6 fxe6 21. f6 $14) 18... Bb6 (18...
Ba7 19. Bb4 $15) 19. Nxb6 Qxb6 20. b3 $11 (20. f5 $5 $142 20... Nxf5 21. Bxf5 (
21. Rxf5 $6 21... Bxf5 22. Bxf5 22... Qxb2 $11) 21... Bxf5 22. Rxf5 Qxb2 23.
Qc1 Qxc1+ 24. Rxc1 $14) 20... Nf5 (20... Bf5 21. Ba5 Qa7 22. Rd1 $15) 21. Rd1
21... Be6 $16 (21... c5 $5 $11 $142 {kam sehr in Betracht}) 22. g4 Nd4 23. Be3
$16 {Weiss plant f5} (23. Qh4 h6 24. f5 Bc8 25. Bxh6 25... gxh6 $18) 23... c5
24. Qh4 h6 25. Qf2 {Will f5 spielen} 25... Qb4 26. f5 {Raumvorteil} 26... Bd7
27. f6 $14 (27. e6 Bc6 (27... fxe6 $2 28. f6 Rf8 29. f7+ Kh8 30. Bxh6 $18) 28.
exf7+ 28... Kxf7 $18) 27... g5 28. Bxd4 $11 (28. a3 Qxa3 29. Bxd4 cxd4 30. Qxd4
30... Rac8 $11) 28... cxd4 (28... Qxd4 $2 29. Bh7+ $3 {gefaellig vorgetragen}
29... Kxh7 30. Rxd4 cxd4 31. Qxd4 $18) 29. Rde1 {Weiss erhaelt Koenigsangriff}
29... Rac8 $16 (29... Qc3 $5 $14 {ist bedenkenswert}) 30. a4 $14 (30. h4 $5
30... Bxg4 31. hxg5 $18) 30... Be6 $16 {e5 wird blockiert} (30... b5 $5 $14
$142 {ist die kritische Fortsetzung}) 31. Rg1 $14 (31. h4 $5 $142 31... Bxg4
32. hxg5 $18) 31... Rc6 $2 $18 (31... Kh8 $14 $142 {
damit waere Schwarz im Spiel geblieben}) 32. h4 32... a5 $2 (32... Rc3 $18) 33.
hxg5 h5 (33... Qf8 {aendert nichts mehr} 34. Qf4 $18) 34. gxh5 {
Der Freibauer h5 greift sofort ein} 34... Rd8 (34... Rec8 35. g6 Qa3 36. g7
Qxb3 37. cxb3 Rc3 38. h6 Rxd3 39. h7+ Kxh7 40. Qh4+ Kg8 41. Qh8#) 35. g6 Rb6 (
35... Rc3 $18 {der letzte Widerstandsversuch}) 36. g7 $1 {
nun ist alles klar. Es droht Matt} 36... Qc3 37. h6 {Droht Matt: h7} 37... Qxd3
$5 38. cxd3 Kh7 39. g8=Q+ 39... Rxg8 {
Weiss darf nun die Drohung Bg4 nicht uebersehen} 40. Rg7+ Rxg7 41. hxg7 Bh3 42.
Qh4+ Kg6 43. g8=Q+ Kf5 44. Qxh3+ Kf4 45. Qgg3# 1-0

[Event "ICS Rated blitz match"]
[Site "207.99.83.229"]
[Date "1999.06.17"]
[Round "?"]
[White "Hossa"]
[Black "Data"]
[Result "0-1"]
[WhiteElo "2476"]
[BlackElo "2840"]
[Annotator "Fritz 5.32 (17s)"]
[PlyCount "151"]

1. Nf3 g6 2. e4 c5 3. Bc4 (3. d4 cxd4 4. Nxd4 Bg7 5. c4 Nc6 6. Be3 Nf6 7. Nc3
Ng4 8. Qxg4 Nxd4 9. Qd1 Nc6 10. Qd2 d6 11. Be2 O-O 12. O-O Be6 13. Nd5 Qd7 14.
Rac1 Rac8 15. f4 b6 16. b3 f5 17. exf5 17... Bxf5 {
Fridman,D-Shulman,Y/EuT-ch, Pula CRO 1997/ - (41)}) 3... Bg7 4. d4 $146 (4. c3
d6 5. d4 cxd4 6. cxd4 Nf6 7. Nc3 O-O 8. Bb3 (8. Qe2 Bg4 9. O-O Nc6 10. Rd1 Rc8
11. Bb3 Nd7 12. Be3 Na5 13. Bc2 Nc4 14. Bc1 e5 15. d5 f5 16. Bd3 Bxf3 17. Qxf3
f4 18. b3 Ne3 19. fxe3 Rxc3 20. Bb2 Rc8 21. Rac1 Rxc1 22. Bxc1 22... Qh4 {
Schlichtmann,G-Hoffmann,U/Bad Zwesten GER 1999/0-1 (37)}) 8... Bg4 9. h3 Bxf3
10. Qxf3 Nc6 11. Be3 Nd7 12. Rd1 Na5 13. h4 Nxb3 14. axb3 h6 15. h5 g5 16. O-O
b5 17. Qh3 b4 18. Ne2 18... Nf6 {
Sulava,N-Kozul,Z/Croatian Championships, Slavonski Brod 1995/0-1 (50)}) (4. O-O
Nc6 5. c3 Qc7 6. Re1 d6 7. h3 Bd7 8. Bf1 e5 9. Na3 Nge7 10. d4 exd4 11. Bf4 Be5
12. Bh6 a6 13. Rc1 Qb8 14. cxd4 cxd4 15. Bc4 Be6 16. Bxe6 fxe6 17. Qb3 Kd7 18.
Nc4 18... b5 {Sale,S-Juric,S/Open, Kastel Stari CRO 1997/1-0 (40)}) 4... cxd4
5. Nxd4 Nf6 6. Nc3 O-O 7. O-O Nxe4 8. Nxe4 d5 9. Nb5 9... a6 $14 (9... e6 10.
Bg5 Qd7 11. Nf6+ Bxf6 12. Bxf6 $18) 10. Qxd5 Qxd5 11. Bxd5 axb5 12. Ng5 h6 13.
Ne4 Rd8 14. Bb3 Nc6 15. Re1 Nd4 16. Nc3 Bf5 17. Be3 (17. Rxe7 $2 {laeuft nicht}
17... Nxb3 18. cxb3 Bxc3 19. Bxh6 19... Rxa2 $19) 17... Nxc2 18. Bxc2 Bxc2 19.
Rac1 Bd3 20. Bc5 e6 21. a3 Rac8 22. Be7 Rd7 23. Red1 b6 24. Rd2 Be5 25. Rdd1
Rc4 26. Rc2 26... Rcd4 $17 (26... Bxc3 27. Rxc3 Rxc3 28. bxc3 Rxe7 29. Rxd3 $19
) 27. Rcd2 Kg7 28. Bb4 Bc4 29. Rxd4 Rxd4 30. Re1 f6 31. Ne4 Rd5 32. Bc3 Bxc3
33. Nxc3 Rd2 34. Rb1 f5 35. g3 Rc2 36. Kg2 e5 37. h4 e4 38. Nd1 Bd3 39. Ra1 Be2
40. Nc3 Bf3+ 41. Kg1 Rxb2 42. Nd5 g5 43. hxg5 hxg5 44. Ne3 f4 (44... Kf6 {
ginge schneller} 45. Nd5+ Ke6 46. Nb4 $19) 45. gxf4 gxf4 46. Nd5 e3 47. Nxf4
exf2+ (47... Rxf2 $6 48. Re1 Bg4 49. Nd5 $17) 48. Kf1 b4 49. axb4 Bc6 50. Ne6+
50... Kf6 {Mit der Mattdrohung Bb5} 51. Nd4 Bd5 (51... Bd7 52. Kg2 $19) 52. Rc1
Ke5 53. Ne2 (53. Nc6+ Kf4 54. Rc3 54... Rd2 $19) 53... Bf3 (53... Rxb4 $6 54.
Kxf2 Bc4 55. Ke3 $17) 54. Kxf2 Bxe2 (54... Rxe2+ $6 55. Kxf3 Rb2 56. Rc4 $17)
55. Re1 (55. Ke3 {hilft allerdings auch nicht} 55... Ba6 $19) 55... Rxb4 $17 (
55... Kd4 $19 $142 {ist der schnellste Weg}) 56. Rxe2+ Kd4 57. Re8 b5 58. Ke2
Kc3 59. Re3+ Kb2 60. Re5 Rb3 61. Kd1 b4 62. Re4 Ka2 63. Kd2 Rb1 64. Kd3 b3 65.
Ra4+ Kb2 66. Kc4 (66. Rb4 66... Rg1 $19) 66... Kc2 67. Ra6 b2 68. Rc6 {
Wenn Weiss nun zu Kb4 kommt, geht es ihm besser} 68... Rd1 {Es droht Matt} 69.
Kb4+ (69. Rb6 $19 {die letzte Gegenchance}) 69... Kd3 (69... Kd2 $142 {
und nichts geht mehr} 70. Rd6+ Ke2 71. Rxd1 Kxd1 72. Kc4 $19) 70. Rd6+ (70.
Rc3+ Kd4 71. Rb3 b1=Q 72. Rxb1 Rxb1+ 73. Ka4 Kc3 74. Ka5 Kc4 75. Ka6 Kc5 76.
Ka7 Kc6 77. Ka8 Kc7 78. Ka7 Ra1#) 70... Ke2 {Droht Matt} 71. Re6+ (71. Rxd1 {
haette noch versucht werden koennen} 71... Kxd1 72. Kc4 $19) 71... Kf3 72. Rf6+
Ke4 73. Kc5 b1=Q 74. Rf5 (74. Re6+ {
kann das Vorangegangene nicht ungeschehen machen} 74... Kf5 75. Rc6 Rc1+ 76.
Kd6 Qb8+ 77. Ke7 Rxc6 78. Kd7 Qb7+ 79. Kd8 Rc8#) 74... Rc1+ 75. Kd6 Qb6+ 76.
Kd7 (76. Ke7 {nuetzt auch nichts mehr} 76... Rc7+ 77. Kd8 Qb8#) 0-1

[Event "ICS Rated blitz match"]
[Site "207.99.83.229"]
[Date "1999.06.17"]
[Round "?"]
[White "jacdion"]
[Black "Hossa"]
[Result "1-0"]
[WhiteElo "2830"]
[BlackElo "2498"]
[Annotator "Fritz 5.32 (15s)"]
[PlyCount "111"]

1. e4 c5 2. Nf3 d6 3. d4 cxd4 4. Nxd4 Nf6 5. Nc3 a6 6. f4 e6 7. Qf3 Qb6 8. Nb3
Qc7 9. g4 b5 10. Bd3 10... Be7 $146 (10... Bb7 11. g5 Nfd7 12. Be3 (12. Qh3 b4
13. Ne2 Nc5 14. Nxc5 dxc5 15. b3 e5 16. g6 fxg6 17. Bb2 Qd7 18. Qe3 exf4 19.
Nxf4 Qe7 20. O-O-O Nd7 21. Bc4 Nb6 22. Be6 a5 23. Nd5 Nxd5 24. exd5 h6 25. Rhg1
Rd8 26. Rxg6 Rd6 27. Be5 Kd8 28. Qxc5 {
1-0 Virtual Chess 2-Junior/15th WMCCC, Paris FRA 1997 (28)}) 12... Nc5 13.
O-O-O (13. a3 Nc6 14. O-O Be7 15. Qf2 Nxb3 16. cxb3 O-O 17. h4 Rfe8 18. b4 Bf8
19. Rad1 g6 20. h5 Bg7 21. Bb1 f5 22. gxf6 Bxf6 23. hxg6 hxg6 24. Bb6 Qe7 25.
Qg3 g5 26. e5 Nxe5 27. fxe5 Bxe5 28. Qg4 Rac8 29. Ne4 Rc4 30. b3 Rc6 31. Nxg5
Rxb6 32. Rf7 Qxf7 33. Nxf7+ {1-0 Mestel,J-Polugaevsky,L/Reykjavik 1990 (33)}) (
13. O-O Nbd7 14. f5 Ne5 15. Qh3 exf5 16. Qxf5 Nxb3 17. axb3 Be7 18. Nd5 Qc8 19.
Bxb5+ Kf8 20. Qxc8+ Bxc8 21. Nb6 Rb8 22. Bxa6 Bh3 23. Rf2 h6 24. Bf1 Bxf1 25.
Rfxf1 hxg5 26. Ra7 Rh4 27. Bd4 27... Rxe4 {
Shmuter,L-Maksimenko,A/Kherson 1990/ - (49)}) 13... Nc6 14. Kb1 g6 15. h4 b4
16. Ne2 Na4 17. h5 Bg7 18. Ned4 Nxd4 19. Bxd4 Bxd4 20. Nxd4 O-O-O 21. Nb3 Nc5
22. Qe3 Kb8 23. Qd4 Nxb3 24. axb3 Qc5 25. Qg7 {
Emms,J-Kraschl,J/Cappelle op 1993/1-0 (38)}) 11. g5 {Raumgewinn} 11... Nfd7 12.
a4 b4 13. Na2 Nc6 14. Bd2 a5 15. c3 {Ueberdeckt d4} 15... bxc3 16. Nxc3 O-O 17.
Nb5 {Der Springer ist gut plaziert} 17... Qb6 {
Schwarz verhindert die kurze Rochade} 18. Qh3 e5 19. Bc4 $15 (19. f5 $5 $11 {
muss erwogen werden}) 19... exf4 20. g6 (20. Bxf4 Nde5 21. Qf1 21... Nb4 $17)
20... hxg6 21. Bxf4 Nde5 22. Qc3 $2 (22. Qf1 Bh4+ 23. Kd1 Nxc4 24. Qxc4 Bg4+
25. Kc1 $19) 22... Nxc4 (22... d5 $142 {sichert den Gewinn} 23. Be3 23... Qd8
$19) 23. Qxc4 Be6 24. Qc3 Bf6 25. Qg3 Bxb3 26. Qxb3 Nd4 27. Qd3 Nxb5 28. axb5
28... Bxb2 {Bildet einen beachtlichen Freibauern} 29. Be3 Qd8 30. Rb1 Qh4+ 31.
Bf2 Qg5 32. h4 Qe5 33. Bg3 Bc3+ 34. Ke2 Qh5+ 35. Qf3 (35. Kf1 35... Bb4 $19)
35... Qxf3+ $17 (35... Rae8 36. Qxh5 36... gxh5 $17) 36. Kxf3 Be5 37. Bxe5 dxe5
38. Rhd1 $19 (38. b6 Rfb8 39. Rhc1 39... Rb7 $19) 38... Kh7 $17 (38... Rfb8 $5
$19) 39. b6 Rfb8 40. Rd5 f6 41. Rd7 {Ermoeglicht auch b7} 41... g5 $4 $14 {
vergibt den Vorteil} (41... a4 $19 $142 {Schwarz haette nun das bessere Spiel})
42. hxg5 fxg5 43. b7 43... Ra7 $18 (43... Ra6 $5 $142 {muss geprueft werden}
44. Rc7 Rf6+ 45. Kg4 45... Kg8 $16) 44. Kg4 {Weiss plant Rc7} 44... a4 45. Rc7
Kg6 46. Rb6+ Kh7 47. Kxg5 {Droht Rg6} 47... a3 48. Rg6 Raxb7 49. Rgxg7+ Kh8 50.
Rxb7 Rxb7 51. Rxb7 Kg8 52. Kf6 a2 53. Ra7 a1=R (53... a1=Q {
nuetzt auch nichts mehr} 54. Rxa1 Kh7 55. Ra8 Kh6 56. Rh8#) 54. Rxa1 Kh8 (54...
Kh7 {holt die Kuh nicht vom Eis} 55. Ra8 Kh6 56. Rh8#) 55. Kg6 Kg8 56. Ra8# 1-0

[Event "ICS Rated blitz match"]
[Site "207.99.83.229"]
[Date "1999.06.17"]
[Round "?"]
[White "Hossa"]
[Black "jacdion"]
[Result "0-1"]
[WhiteElo "2494"]
[BlackElo "2834"]
[PlyCount "117"]

1. Nf3 d5 2. c4 c6 3. d4 Nf6 4. Nc3 a6 5. cxd5 cxd5 6. Bg5 Ne4 7. Rc1 Nxg5 8.
Nxg5 e6 9. f4 Nc6 10. e3 Be7 11. Qh5 g6 12. Qh6 Bf8 13. Qh4 h6 14. Bd3 Be7 15.
Qh3 e5 16. g4 e4 17. Ngxe4 dxe4 18. Bxe4 Bh4+ 19. Kd2 Be7 20. f5 gxf5 21. Bxc6+
bxc6 22. gxf5 Bb7 23. Kc2 c5 24. d5 Bf6 25. e4 Qd6 26. Rhg1 Bd4 27. Rg4 h5 28.
Qg3 Qf8 29. Rh4 Qe7 30. Na4 Bf6 31. Rf4 h4 32. Qg2 Qd7 33. Nxc5 Qc7 34. Qf2 Bg5
35. Rf3 Bxc1 36. Kxc1 Bc8 37. e5 Qe7 38. f6 Qd8 39. d6 Qa5 40. Ra3 Qb4 41. Ra4
Qb5 42. Rf4 Bd7 43. b4 h3 44. a4 Qc6 45. Qf3 Qc8 46. Kb1 Rb8 47. Qe3 Qc6 48.
Qf2 Rg8 49. e6 Qh1+ 50. Kb2 Rg2 51. exd7+ Kd8 52. Qxg2 Qxg2+ 53. Kc3 Qxh2 54.
Rd4 Qe5 55. Nxa6 h2 56. Nxb8 h1=Q 57. a5 Qa1+ 58. Kc4 Qaxd4+ 59. Kb3 {
Hossa resigns} 0-1

[Event "ICS Rated blitz match"]
[Site "207.99.83.229"]
[Date "1999.06.17"]
[Round "?"]
[White "Data"]
[Black "Hossa"]
[Result "1-0"]
[WhiteElo "2844"]
[BlackElo "2490"]
[PlyCount "77"]

1. e4 c5 2. Nf3 d6 3. Bb5+ Bd7 4. Bxd7+ Qxd7 5. O-O Nc6 6. c3 Nf6 7. d4 Nxe4 8.
d5 Ne5 9. Nxe5 dxe5 10. Re1 Nf6 11. c4 Qf5 12. Nc3 O-O-O 13. Re3 e6 14. Qe2 Nd7
15. Rf3 Qg4 16. Rxf7 Qxe2 17. Nxe2 Nb6 18. Bg5 Rd7 19. Rxd7 Kxd7 20. dxe6+ Kxe6
21. b3 Be7 22. Bxe7 Kxe7 23. Ng3 Nd7 24. Nf5+ Kf6 25. Rd1 Nb8 26. Nd6 b6 27.
Nb5 Rf8 28. Nxa7 Ke6 29. Nb5 Kf5 30. Nd6+ Ke6 31. Ne4 Kf5 32. f3 Nc6 33. Rd6
Rc8 34. Kf2 h5 35. h4 Kf4 36. g3+ Kf5 37. Ke3 Ra8 38. g4+ hxg4 39. Ng3# {
Hossa checkmated} 1-0

[Event "ICS rated standard match"]
[Site "207.99.83.229"]
[Date "1999.06.17"]
[Round "?"]
[White "Hossa"]
[Black "SiempreVivo"]
[Result "1-0"]
[WhiteElo "2211"]
[BlackElo "1929"]
[PlyCount "51"]

1. e4 e5 2. Nf3 Nc6 3. Bb5 a6 4. Ba4 b5 5. Bb3 d6 6. O-O Nf6 7. Ng5 d5 8. exd5
Nd4 9. d6 Nxb3 10. dxc7 Qxc7 11. axb3 Bd6 12. Nc3 O-O 13. Nxb5 Qb8 14. Nxd6
Qxd6 15. d3 Bb7 16. f4 Qd4+ 17. Kh1 e4 18. Ra4 Qd6 19. Nxe4 Nxe4 20. dxe4 Qxd1
21. Rxd1 Rad8 22. Re1 Rd7 23. Rc4 Rfd8 24. Be3 Rd1 25. Rg1 Rxg1+ 26. Kxg1 {
SiempreVivo resigns} 1-0